From Capitals to Culture: A Journey Around the World - Statistieken

Algemene statistieken
  • Deze quiz is 5 keer genomen
  • De gemiddelde score is 10 van 15
Antwoordstatistieken
Hint Antwoord % Correct
Which city hosted the first modern Olympic Games in 1896? Athens
100%
Which capital city is renowned for its delicious Pad Thai? Bangkok
100%
In which capital city would you find the residence of the British Prime Minister? London
100%
Which capital city is associated with the legendary author William Shakespeare? London
100%
What is the city known for its annual Carnival festival and the Christ the Redeemer statue? Rio de Janeiro
100%
Which city is known as the financial center of Germany and hosts the headquarters of the European Central Bank? Frankfurt
80%
Name the landmark located in the city known as the "City of Love." (hint: iron) Eiffel Tower
60%
Is orange a color? No
60%
Which capital city is known for its close proximity to the Northern Lights? Reykjavik
60%
Which capital city is famous for its Cherry Blossom Festival? Tokyo
60%
Which capital city is associated with James Joyce’s novel "Ulysses"? Dublin
40%
In which European city can you find the world-famous opera house known as La Scala? Milan
40%
Which city is home to the oldest university in the English-speaking world? Oxford
40%
Which capital city was famously conquered by Hernán Cortés in 1521? Mexico City
20%
In which city was the Declaration of Independence signed in 1776? Philadelphia
0%
Geen overeenkomende quizzen gevonden
Scoreverdeling
Procent van Mensen met Elke Score
Percentiel versus Aantal Correcte Antwoorden
Uw Scoregeschiedenis
U heeft deze quiz nog niet genomen